Tutti gli Stati che hanno controllato Tampere - Statistics

Statistiche generali
  • Questo quiz è stato fatto 4 volte
  • Il punteggio medio è 12 su 14
Statistiche sulle risposte
con Immagini Hint Risposta % Corretto
1742 - 1743 Impero Russo
100%
1808 - 1917 Impero Russo (Granducato di Finlandia)
100%
1611 - 1714 Impero Svedese
100%
1250 - 1397 Primo Regno di Svezia
100%
1919 - Oggi Repubblica di Finlandia
100%
1523 - 1611 Secondo Regno di Svezia
100%
1721 - 1742 Terzo Regno di Svezia
100%
1743 - 1808 Terzo Regno di Svezia
100%
1714 - 1721 Tsardom di Russia
100%
1917 - 1918 Regno di Finlandia
75%
1918 - 1919 Regno di Finlandia
75%
1397 - 1523 Unione di Kalmar
75%
1918 Repubblica Socialista Finlandese dei Lavoratori
25%
~600 - 1250 Tribù Tavastiane
25%
Nessun quiz corrispondente trovato
Distribuzione punteggi
Percentuale di utenti per punteggio
Percentile per numero di risposta
I tuoi punteggi nel tempo
Non hai fatto questo quiz